000 00612nam a2200229 i 4500
001 C2-0217310
003 PPAK
005 20180728105749.0
008 990619s1988 my |||| ||||| | may d
020 _a9839952501
040 _aPPAK
_beng
_cPPAK
_erda
082 0 4 _a297.1975
_2 23
090 0 0 _a297.1975
_bDAN
_dKSA
100 0 _aDainal Zainal Abidin,
_eauthor
245 1 0 _aKonsep perubatan islam
264 1 _aPulau Pinang :
_bPustak Nahnu ,
_c1988
300 _a139 pages ;
_c22 cm
336 _2rdacontent
_atext
337 _2rdamedia
_aunmediated
338 _2rdacarrier
_avolume
942 _ddc
_cB
999 _c160540
_d160540